000 00523nam a2200181Ia 4500
003 IN-BaIIA
008 211028s9999 xx 000 0 eng d
040 _cIIA Library
080 _a53(03)
_bENC-X
245 0 _aEncyclopedia of physics
_bvol. X
_cedited by S.Flugee
260 _aBerlin
_bSpringer-Verlag
_c1960
300 _avi, 320p.
650 _aEncyclopedia-Physics
_93090
650 _aNASA Thesaurus
650 _aPhysics
_973
700 _aFlugee, S., ed.
942 _cBK
999 _c2115
_d2115